MARC

LEADER 00000nam0a2200000 4500
001 214241
005 20231031193519.0
020 |a RU  |b 89-72032 
035 |a (RuTPU)RU\TPU\book\234102 
090 |a 214241 
100 |a 20120420d1989 k y0rusy5003 ca 
101 0 |a rus 
102 |a RU 
105 |a a z 101zy 
200 1 |a Кинетика химических реакций  |e материалы IX Всесоюзного симпозиума по горению и взрыву, 19-24 ноября 1989 г. г. Суздаль  |f Академия наук СССР (АН СССР), Институт химической физики им. Н. Н. Семенова (ИХФ); под ред. Г. Б. Манелиса 
210 |a Черноголовка  |c Изд-во ИХФ  |d 1989 
215 |a 184 с.  |c ил. 
225 1 |a Химическая физика процессов горения и взрыва 
320 |a Библиогр. в конце докладов. 
610 1 |a химические реакции 
610 1 |a кинетика 
610 1 |a дифторамино-радикалы 
610 1 |a пиролиз 
610 1 |a гетерогенные реакции 
610 1 |a порошковые ингибиторы 
610 1 |a расчет 
610 1 |a численное моделирование 
610 1 |a исследование 
610 1 |a термическое разложение 
610 1 |a релаксационные процессы 
610 1 |a неравновесные явления 
610 1 |a масс-спектрометрия 
675 |a 544.42(063)  |v 3 
702 1 |a Манелис  |b Г. Б.  |4 340 
712 0 2 |a Академия наук СССР (АН СССР)  |b Институт химической физики им. Н. Н. Семенова (ИХФ)  |c (Москва)  |2 stltpush  |3 (RuTPU)RU\TPU\col\1482 
712 1 2 |a Кинетика химических реакций  |b материалы Всесоюзного симпозиума  |d 9  |e Суздаль  |f 1989 
801 0 |a RU  |b RuMRKP  |c 19950417  |g psbo 
801 1 |a RU  |b 63413507  |c 20120420 
801 2 |a RU  |b 63413507  |c 20130802  |g RCR 
942 |c BK